[Event "AUTO-ADV-391"]
[Site "http://www.queenalice.com/game.php?id=249381"]
[Date "2007.8.1"]
[Round "2"]
[White "cislau"]
[Black "erig1969"]
[Result "0-1"]
[WhiteElo "1799"]
[BlackElo "1915"]

1. d4 d5 2. c4 c6 3. c5 g6 4. Nf3 Bg7 5. g3 Bf5 6. Nc3 Na6 7. Bg2 Nf6 8. O-O Qc8
9. Ne5 Ng4 10. Nxg4 Bxg4 11. f3 Bh3 12. e4 Bxg2 0-1

[Event "AUTO-ADV-391"]
[Site "http://www.queenalice.com/game.php?id=249382"]
[Date "2007.8.1"]
[Round "2"]
[White "erig1969"]
[Black "cislau"]
[Result "1-0"]
[WhiteElo "1903"]
[BlackElo "1811"]

1. d4 g6 2. e4 Bg7 3. Nf3 c5 4. d5 Qb6 5. c3 Nf6 6. Bd3 c4 7. Bc2 e6 8. dxe6
dxe6 9. Ba4+ Nc6 10. Bxc6+ bxc6 11. Nbd2 Bh6 12. Nxc4 Qc5 13. Nd6+ 1-0

[Event "QA-ANNIV-03"]
[Site "http://www.queenalice.com/game.php?id=270066"]
[Date "2007.9.11"]
[Round "3"]
[White "cislau"]
[Black "koshnarek"]
[Result "0-1"]
[WhiteElo "1785"]
[BlackElo "1539"]

1. d4 d5 2. c4 dxc4 3. Qa4+ Bd7 4. Qxc4 b5 5. Qd3 Nf6 6. g3 Bc6 7. Nf3 e6 8. Bg2
a6 9. O-O Be4 10. Qd2 c6 11. Nc3 Bb4 12. a3 Ba5 13. b4 Bb6 14. e3 O-O 15. Nxe4
Nxe4 16. Qc2 Ng5 17. Nxg5 Qxg5 18. Bxc6 Nxc6 19. Qxc6 Qd8 20. Bb2 Qc7 21. Rac1
Qxc6 22. Rxc6 Bd8 23. Rfc1 Be7 0-1

[Event "cegonha85"]
[Site "http://www.queenalice.com/game.php?id=271060"]
[Date "2007.9.13"]
[Round "1"]
[White "toomlee"]
[Black "cislau"]
[Result "0-1"]
[WhiteElo "1487"]
[BlackElo "1759"]

1. e4 c5 2. Nc3 Nc6 3. Nf3 g6 4. Bb5 Bg7 5. Bxc6 bxc6 6. d3 Qa5 7. O-O Bxc3 8.
bxc3 Qxc3 9. Rb1 Ba6 10. Rb3 Qa5 11. Ra3 Qb6 12. Qd2 c4 13. Qc3 Nf6 14. Rb3 cxb3
15. cxb3 O-O 16. Nd2 Rac8 17. a4 d5 18. Nf3 dxe4 19. Nd4 e5 20. Nc2 exd3 21. Nb4
d2 22. Rd1 Ne4 23. Qxe5 Qxf2+ 24. Kh1 Be2 25. h3 Bxd1 26. Qxe4 dxc1=Q 27. Nd3
Bf3+ 28. Kh2 Qcg1# 0-1

[Event "Bulls..."]
[Site "http://www.queenalice.com/game.php?id=278603"]
[Date "2007.9.29"]
[Round "-"]
[White "cislau"]
[Black "cegonha85"]
[Result "0-1"]
[WhiteElo "1764"]
[BlackElo "1847"]

1. d4 Nf6 2. c4 c5 3. Nf3 cxd4 4. Nxd4 e6 5. g3 d5 6. Bg2 Bb4+ 7. Nc3 Bxc3+ 8.
bxc3 dxc4 9. Qa4+ Nbd7 10. Qxc4 e5 11. Nf5 O-O 12. Ba3 Nb6 13. Qb5 Re8 14. Nd6
Qc7 15. Qc5 Re7 16. Nf5 Bxf5 17. O-O Qxc5 18. Bxc5 Rd7 19. Rfd1 Rad8 20. Rdc1
Kh8 21. a4 Nxa4 22. Rxa4 Rd1+ 23. Rxd1 Rxd1+ 24. Bf1 Bh3 0-1

[Event "cegonha85"]
[Site "http://www.queenalice.com/game.php?id=338057"]
[Date "2008.1.17"]
[Round "3"]
[White "cislau"]
[Black "cegonha85"]
[Result "1-0"]
[WhiteElo "1806"]
[BlackElo "1981"]

1. d4 g6 2. c4 Bg7 3. Nf3 d6 4. g3 Nf6 5. Bg2 O-O 6. Nc3 Nc6 7. d5 Ne5 8. Nxe5
dxe5 9. O-O Bg4 10. Qb3 b6 11. f3 Bd7 12. f4 exf4 13. Bxf4 Rc8 14. Nb5 Bxb5 15.
cxb5 Qd7 16. Rac1 Rfd8 17. e4 Ng4 18. Bh3 Bd4+ 19. Kg2 h5 20. Rc6 Kh7 21. a4 f6
22. Qc2 Bc5 23. Bc1 f5 24. Bxg4 fxg4 25. Qd2 Bd6 26. Qh6+ Kg8 27. Qxg6+ Kh8 28.
Rf7 Rf8 29. Qg7# 1-0

[Event "AUTO-ADV-795"]
[Site "http://www.queenalice.com/game.php?id=349908"]
[Date "2008.2.7"]
[Round "1"]
[White "technicaldraw"]
[Black "cislau"]
[Result "0-1"]
[WhiteElo "1911"]
[BlackElo "1764"]

1. e4 c5 2. Nf3 d6 3. d4 g6 4. dxc5 Qa5+ 5. Bd2 Qxc5 6. c3 Nf6 7. Be3 Qc6 8. e5
Ng4 9. Qb3 Nxe3 10. Bb5 Nc2+ 11. Kd1 Nxa1 12. Bxc6+ Nxc6 13. Qa4 dxe5 14. Nxe5
Bg7 15. Nxc6 Bd7 16. Na3 Bxc6 17. Qg4 h5 18. Qb4 a5 19. Qc4 Rc8 20. Qe2 Bh6 21.
Nb5 O-O 22. Nd4 Rfd8 23. Qxe7 Bxg2 24. Re1 Rxd4+ 25. cxd4 Bf3+ 26. Re2 Rc1# 0-1

[Event "AUTO-ADV-795"]
[Site "http://www.queenalice.com/game.php?id=349909"]
[Date "2008.2.7"]
[Round "1"]
[White "cislau"]
[Black "technicaldraw"]
[Result "1-0"]
[WhiteElo "1786"]
[BlackElo "1877"]

1. e4 e6 2. Nf3 c5 3. d4 cxd4 4. Nxd4 a6 5. Nc3 b5 6. g3 Bb7 7. a3 Nf6 8. Bd3
Qb6 9. Nb3 h5 10. O-O h4 11. Be3 Qc7 12. g4 h3 13. g5 Nh5 14. f4 Bd6 15. e5 Be7
16. Qg4 f5 17. exf6 gxf6 18. Bg6+ Kf8 19. Qxh3 Qc6 20. Na5 Qh1+ 21. Kf2 Qg2+ 22.
Qxg2 Bxg2 23. Kxg2 fxg5 24. fxg5+ Kg7 25. Be4 d5 26. Bd4+ Kg8 27. Nxd5 exd5 28.
Bxd5+ Kh7 29. Be4+ Kg8 30. h4 Nd7 31. Bxa8 1-0

[Event "AUTO-ADV-795"]
[Site "http://www.queenalice.com/game.php?id=349924"]
[Date "2008.2.7"]
[Round "1"]
[White "cislau"]
[Black "pedrogarciass"]
[Result "1-0"]
[WhiteElo "1864"]
[BlackElo "1732"]

1. e4 d5 2. exd5 Qxd5 3. Nc3 Qd8 4. Nf3 Bg4 5. Bc4 e6 6. d4 Bb4 7. O-O Bxc3 8.
bxc3 Bxf3 9. Qxf3 c6 10. Rb1 Qd7 11. Qg3 f6 12. Ba3 Nh6 13. Bxe6 Nf5 14. Bxf5
Qxf5 15. Qxg7 1-0

[Event "AUTO-ADV-795"]
[Site "http://www.queenalice.com/game.php?id=349925"]
[Date "2008.2.7"]
[Round "1"]
[White "pedrogarciass"]
[Black "cislau"]
[Result "0-1"]
[WhiteElo "1777"]
[BlackElo "1911"]

1. e4 c5 2. Bc4 Nc6 3. d3 g6 4. Nf3 Bg7 5. c3 Nf6 6. h3 O-O 7. e5 Ne8 8. Bf4 d6
9. exd6 Nxd6 10. Bd5 e5 11. Bg5 Qb6 12. b3 h6 13. Bh4 Nf5 14. O-O Nxh4 15. Nxh4
Qd8 16. Bxc6 bxc6 17. Nf3 Ba6 18. Qd2 Qxd3 19. Qxd3 Bxd3 20. Re1 e4 21. Nfd2
Rfd8 22. Re3 f5 23. Nc4 Bxc4 24. bxc4 Rd1+ 25. Kh2 Rb8 26. Re2 Rdxb1 27. Rxb1
Rxb1 28. Re3 Be5+ 29. g3 Rb2 30. Kg2 Rxa2 31. h4 Rc2 32. Re1 Rxc3 33. Ra1 Rxg3+
34. fxg3 Bxa1 35. Kf2 Bd4+ 36. Ke2 a5 37. Kd2 a4 38. Kc2 a3 39. Kb3 e3 40. Kxa3
e2 0-1

[Event "AUTO-ADV-795"]
[Site "http://www.queenalice.com/game.php?id=349926"]
[Date "2008.2.7"]
[Round "1"]
[White "cislau"]
[Black "RedMosquito"]
[Result "1-0"]
[WhiteElo "1845"]
[BlackElo "1930"]

1. e4 e6 2. Nf3 Nf6 3. Nc3 Bb4 4. e5 Bxc3 5. dxc3 Ne4 6. Bd3 Nc5 7. Bg5 f6 8.
exf6 gxf6 9. Bh6 Nc6 10. O-O d5 11. Nd4 Nxd4 12. cxd4 Nxd3 13. Qxd3 Qe7 14. Bf4
c5 15. dxc5 Qxc5 16. Rfe1 Bd7 17. Rad1 O-O 18. Qg3+ Kh8 19. Bd6 Qxc2 20. Bxf8
Rxf8 21. Qd6 1-0

[Event "AUTO-ADV-795"]
[Site "http://www.queenalice.com/game.php?id=349927"]
[Date "2008.2.7"]
[Round "1"]
[White "RedMosquito"]
[Black "cislau"]
[Result "0-1"]
[WhiteElo "1885"]
[BlackElo "1875"]

1. c4 e5 2. Nc3 Nf6 3. e3 Bb4 4. Nf3 Nc6 5. Be2 O-O 6. O-O d6 7. a3 Bxc3 8. bxc3
e4 9. Nd4 Ne5 10. d3 c5 11. Nc2 exd3 12. Bxd3 d5 13. cxd5 Qxd5 14. Be2 Bf5 15.
c4 Qxd1 16. Bxd1 Bd3 17. Re1 Bxc4 18. Be2 Nd3 19. Rd1 Rad8 20. Bxd3 Bxd3 21. Nb4
cxb4 22. axb4 Bc4 23. Bb2 Rxd1+ 24. Rxd1 Nd5 25. b5 Nb6 26. Ra1 Rd8 27. g4 Nc8
28. b6 axb6 29. Bd4 b5 30. Ra8 Bd5 31. Kf1 b4 32. Ke1 b3 33. Kd2 f6 34. Kc3 Rf8
35. Bc5 Ne7 36. Ra5 b6 37. Bxb6 Rb8 0-1

[Event "Challenge"]
[Site "http://www.queenalice.com/game.php?id=351892"]
[Date "2008.2.10"]
[Round "-"]
[White "Gera"]
[Black "cislau"]
[Result "0-1"]
[WhiteElo "1836"]
[BlackElo "1829"]

1. b3 Nf6 2. Bb2 d5 3. d4 Bf5 4. Nd2 e6 5. e3 Bd6 6. Be2 O-O 7. Ngf3 Nc6 8. c4
Nb4 9. O-O Nd3 10. Bxd3 Bxd3 11. Re1 c6 12. c5 Bc7 13. b4 a5 14. a3 axb4 15.
axb4 Rxa1 16. Qxa1 Ne4 17. Nxe4 dxe4 18. Nd2 Qd5 19. Bc3 f5 20. Qb2 f4 21. Ra1
fxe3 22. fxe3 Qg5 23. Re1 Bxh2+ 24. Kh1 Rf2 0-1

[Event "jogo rápido..."]
[Site "http://www.queenalice.com/game.php?id=358247"]
[Date "2008.2.21"]
[Round "-"]
[White "cislau"]
[Black "JMasters"]
[Result "1-0"]
[WhiteElo "1891"]
[BlackElo "1993"]

1. e4 c6 2. Nc3 d5 3. Nf3 dxe4 4. Nxe4 Bf5 5. Ng3 Bg6 6. h4 h6 7. Ne5 Bh7 8. Qh5
g6 9. Qf3 Nf6 10. Qb3 e6 11. Qxb7 Nbd7 12. Nxc6 1-0

[Event "Challenge"]
[Site "http://www.queenalice.com/game.php?id=368655"]
[Date "2008.3.10"]
[Round "-"]
[White "fernando1971"]
[Black "cislau"]
[Result "0-1"]
[WhiteElo "2176"]
[BlackElo "1922"]

1. d4 Nf6 2. c4 g6 3. Nc3 d5 4. cxd5 Nxd5 5. e4 Nxc3 6. bxc3 Bg7 7. Be3 c5 8.
Nf3 Qa5 9. Qd2 O-O 10. Rb1 b6 11. Rb5 Qa4 12. Rb2 Ba6 13. Bxa6 Qxa6 14. Bh6 Nc6
15. h4 Na5 16. Bxg7 Kxg7 17. h5 Nc4 18. Qe2 cxd4 19. Nxd4 e5 20. Rb4 Rac8 21.
hxg6 hxg6 22. Nf5+ gxf5 23. exf5 Qa3 24. Qg4+ Kf6 25. Rh6+ Ke7 26. f6+ Kd6 27.
Qd1+ Kc5 28. Qc2 b5 29. Rh3 Rcd8 30. Qb1 a6 31. Rb3 Qa5 32. Rb4 Rd6 33. f4 Rfd8
34. a4 Rd1+ 35. Qxd1 Rxd1+ 36. Kxd1 Qd8+ 37. Ke2 Qd2+ 38. Kf1 e4 39. Kg1 e3 40.
axb5 e2 41. Rb1 Ne3 42. Rxe3 Qxe3+ 43. Kh1 e1=Q+ 44. Rxe1 Qxe1+ 0-1

[Event "AUTO-ADV-795"]
[Site "http://www.queenalice.com/game.php?id=404625"]
[Date "2008.5.17"]
[Round "2"]
[White "carloswecker"]
[Black "cislau"]
[Result "0-1"]
[WhiteElo "1937"]
[BlackElo "1976"]

1. d4 d5 2. c4 c6 3. Nf3 Nf6 4. Nc3 dxc4 5. e3 b5 6. a4 b4 7. Na2 e6 8. Bxc4 a5
9. O-O Bb7 10. b3 Nbd7 11. Bb2 Be7 12. Nc1 O-O 13. Nd3 c5 14. Nxc5 Nxc5 15. dxc5
Bxc5 16. Qe2 Qe7 17. Rfd1 Ne4 18. Rd3 Bd6 19. Rad1 Rfd8 20. h3 Rac8 21. Nd4 Rxc4
22. bxc4 Nc5 23. R3d2 Nxa4 24. Ba1 Nc3 25. Bxc3 bxc3 26. Rc2 Bb4 27. Nb5 Be4 28.
Rxc3 Bxc3 29. Nxc3 Bc6 30. Nb5 a4 31. Rxd8+ Qxd8 32. Qc2 Qg5 33. e4 f5 34. Qxa4
Bxe4 0-1

[Event "AUTO-ADV-795"]
[Site "http://www.queenalice.com/game.php?id=404626"]
[Date "2008.5.17"]
[Round "2"]
[White "cislau"]
[Black "carloswecker"]
[Result "1-0"]
[WhiteElo "1961"]
[BlackElo "1935"]

1. d4 d5 2. Bf4 e6 3. e3 Bd6 4. Nc3 Bxf4 5. exf4 Nf6 6. Nf3 Nbd7 7. Be2 O-O 8.
O-O c5 9. Qd3 c4 10. Qd2 Re8 11. b3 cxb3 12. axb3 a6 13. b4 b6 14. Ne5 Bb7 15.
Rfe1 b5 16. Bd3 Rc8 17. f5 Qc7 18. Nxd7 Qxd7 19. fxe6 fxe6 20. Ne2 Rf8 21. Ng3
Ng4 22. Re2 Rf7 23. Rae1 Rcf8 24. f3 e5 25. dxe5 Nxe5 26. Rxe5 d4 27. Nf5 1-0

[Event "AUTO-ADV-795"]
[Site "http://www.queenalice.com/game.php?id=404629"]
[Date "2008.5.17"]
[Round "2"]
[White "cislau"]
[Black "willyanF"]
[Result "1-0"]
[WhiteElo "1948"]
[BlackElo "1861"]

1. d4 Nf6 2. Nf3 e6 3. Bf4 Nc6 4. Nbd2 b6 5. e4 Bb7 6. c3 Ne7 7. Bd3 Ng6 8. Bg5
Be7 9. O-O h6 10. Be3 O-O 11. Ne5 d5 12. Nxg6 fxg6 13. e5 Nh7 14. Qg4 Qd7 15.
Qxg6 c5 16. Qxh7+ Kf7 17. Bg6# 1-0

[Event "AUTO-ADV-795"]
[Site "http://www.queenalice.com/game.php?id=404630"]
[Date "2008.5.17"]
[Round "2"]
[White "willyanF"]
[Black "cislau"]
[Result "0-1"]
[WhiteElo "1850"]
[BlackElo "1990"]

1. d4 d5 2. c4 e6 3. Nc3 Nf6 4. Bg5 Bb4 5. Qb3 Nc6 6. e3 O-O 7. Nf3 h6 8. Bh4
Qe7 9. a3 Bxc3+ 10. Qxc3 g5 11. Bg3 Ne4 12. Qc2 h5 13. cxd5 exd5 14. Ne5 h4 15.
Nxc6 bxc6 16. f3 Nxg3 17. hxg3 Qxe3+ 18. Be2 Re8 19. gxh4 Ba6 20. hxg5 Qxe2+ 21.
Qxe2 Rxe2+ 22. Kd1 Rxb2 23. g4 Rf2 24. Rc1 Rb8 25. Rxc6 Bc4 26. Ke1 Re2+ 0-1

[Event "Challenge"]
[Site "http://www.queenalice.com/game.php?id=437381"]
[Date "2008.7.22"]
[Round "-"]
[White "cabelo"]
[Black "cislau"]
[Result "0-1"]
[WhiteElo "1458"]
[BlackElo "2006"]

1. e4 c5 2. Nf3 Nc6 3. d4 g6 4. Bg5 h6 5. d5 Ne5 6. Nxe5 hxg5 7. Nc3 Bg7 8. Ng4
Qc7 9. Qd2 Qa5 10. Nd1 Qxd2+ 11. Kxd2 d6 12. Be2 f5 13. exf5 gxf5 14. Nge3 Nf6
15. c4 f4 16. Nc2 Ne4+ 17. Ke1 Bf5 18. Bd3 Ng3 19. Bxf5 Nxh1 20. h3 O-O 21. Bg4
a6 0-1

[Event "Challenge"]
[Site "http://www.queenalice.com/game.php?id=437382"]
[Date "2008.7.22"]
[Round "-"]
[White "cislau"]
[Black "cabelo"]
[Result "1-0"]
[WhiteElo "2008"]
[BlackElo "1456"]

1. d4 d5 2. c4 e6 3. Nf3 Nf6 4. Nc3 Bb4 5. Qa4+ Nc6 6. Ne5 Bxc3+ 7. bxc3 Bd7 8.
Nxc6 Bxc6 9. Qb4 Qe7 10. Qxe7+ Kxe7 11. cxd5 exd5 12. Bf4 Kd7 13. g3 Rhe8 14.
Bh3+ Kd8 15. e3 Nh5 16. Bg5+ f6 17. Bh4 g5 18. g4 gxh4 19. gxh5 Rg8 20. Bf5 h6
21. Bg6 Be8 22. Rg1 Ke7 23. O-O-O Bxg6 24. hxg6 f5 25. Rg2 Rg7 26. f3 Kf6 27. e4
dxe4 28. fxe4 fxe4 29. Rf1+ 1-0

[Event "Challenge"]
[Site "http://www.queenalice.com/game.php?id=440296"]
[Date "2008.7.28"]
[Round "-"]
[White "ORNELAS"]
[Black "cislau"]
[Result "0-1"]
[WhiteElo "1744"]
[BlackElo "2000"]

1. b3 e5 2. d3 Nc6 3. Bb2 Bc5 4. e3 Nf6 5. g3 Ng4 6. Qxg4 Nb4 7. Qxg7 Rf8 8.
Qxe5+ Qe7 9. Qxe7+ Bxe7 10. Kd2 d5 11. Bg2 c6 12. a3 Na6 13. Nf3 Bd7 14. Bg7 Rg8
15. Be5 O-O-O 16. b4 f6 17. Bf4 Nc7 18. Nc3 Ne6 19. Rhe1 Nxf4 20. exf4 Bd6 21.
Ke2 Bxf4 22. Kf1 Bd6 23. d4 Bf5 24. b5 Bxc2 25. bxc6 bxc6 26. Re6 Rgf8 27. Rae1
Bd3+ 28. Kg1 Bf5 29. R6e3 Bd7 30. a4 Rg8 31. a5 Rg7 32. a6 Rdg8 33. Na4 Kb8 34.
Rb3+ Ka8 35. Nb6+ axb6 36. Rxb6 Rb8 37. Rxb8+ Kxb8 38. Rb1+ Ka7 39. Ra1 Bf5 40.
Nd2 Kb6 41. Nb3 Ra7 42. Bf1 Bc8 43. Rb1 Bxa6 44. Nd2+ Bb5 45. Bxb5 cxb5 46. Nf3
Kc6 47. Rc1+ Kd7 48. Nh4 b4 49. Nf5 b3 50. Rb1 Rb7 51. Nxd6 Kxd6 52. Rb2 Rb4 53.
h4 Kc6 54. Kh2 Kb5 55. Kg2 Kc4 56. Kf3 Kxd4 57. Ke2 Kc3 58. Rd2 Re4+ 59. Kd1 d4
60. h5 d3 61. g4 Rxg4 62. Kc1 Rg1+ 63. Rd1 d2+ 0-1